000
00308 a2200109 4500
001
ART_17523
005
20260410161750.0
008
260409a
245
1
0
_a
Innovation and entrepreneurship
100
1
_a
Drucker, Peter Ferdinand
773
0
_t
Book Summary
_g
- NÂș 13 (ene. 2010)
_w
REV4099
999
_c
19585
_d
19585